000 00798cab a2200253 4500
001 WB2911-55
008 090401t1993 xxu||||| |||| 00| 0 eng d
035 _a(Sirsi) u72501
041 _aeng
100 _aPatterson, T>
245 _aSpanish property register
260 _c1993
350 _a0
490 _aCSW - The Property Week
_v42(11) 18 March 1993, 72(1)
520 _aProvides details of the land registration system in Spain which not only requires registration of land interests but also needs a certificate of habitability for non-commercial property.
650 _aHABITABILITY
650 _aLAND REGISTRATION
650 _aSPAIN
690 _aOVERSEAS-EUROPE
690 _aPROPERTY LAW AND PRACTICE
700 _aPatterson, T.
942 _n0
948 _c04/03/1997
999 _c45813
_d45813